000 00547nam a22001697a 4500
005 20251108163352.0
008 250721s1998 xx 000 0 ara d
082 1 4 _a320.5/سكي
100 1 _aبريجنسكي، زنغينو
245 1 0 _aالفوضى :
_bالإضطراب العالمي عند مشارف القرن الحادي و العشرين /
264 1 _aعمان :
_bالأهلية للنشر،
_c1998.
300 _a198ص
650 1 7 _aالسياسة
700 1 _aفاضل، مالك
_eترجمة
942 _2ddc
_cBK
999 _c929
_d929